| 000 | 02282nam a22002417a 4500 | ||
|---|---|---|---|
| 001 | 216218563 | ||
| 003 | UA-OsUOA | ||
| 005 | 20201121221347.0 | ||
| 008 | 200602b un ||||| m||| 00| 0 ukr d | ||
| 040 |
_aUA-OsUOA _bukr _cUA-OsUOA _dUA-OsUOA |
||
| 041 | _aukr | ||
| 095 |
_a07.00.01 _bісторія України |
||
| 100 | _aЯнюк І. Ф. | ||
| 245 |
_aДіяльність кооперативного банку "Земля" у Східній Галичині (1907–1939 рр.) _cЯнюк Іван Федорович ; наук. керівник Зуляк Іван Степанович |
||
| 260 |
_aТернопіль _c2018 |
||
| 300 | _a18 с. | ||
| 502 |
_6Автореферат дисертації на здобуття наукового ступеня кандидата історичних наук
_cТернопільський національний педагогічний університет імені Володимира Гнатюка _d2018 |
||
| 520 | _aУ дисертації комплексно й всебічно досліджено діяльність парцеляційного товариства (кооперативного банку) “Земля” у Східній Галичині упродовж 1907–1939 рр. Визначено його місце у соціально-економічній структурі, зокрема, у кредитній кооперації краю. Розкрито особливості статутних положень цього кооперативу та порівняно його структуру та організацію управління із іншими схожими інституціями. Досліджено основні напрямки діяльності товариства, зокрема, парцеляцію, соціальне забезпечення його працівників, кадрову політику, участь у суспільному житті Східної Галичини. | ||
| 650 |
_2UDC _a94 Історія |
||
| 942 |
_2udc _cAR |
||
| 955 | _a1 | ||
| 999 |
_c459447 _d459447 |
||